Jannus Pannonius asztrológiai álláspontja
Elmentve itt :
| Szerző: | |
|---|---|
| Adatforrás: | Philobibl |
| Forrásdokumentuma: | Minerva 6 1927/1-3., 43-58. p. |
| Dokumentumtípus: | Cikk |
| Nyelv: | magyar |
| Kulcsszavak: | reneszánsz neoplatonizmus |
| LEADER | 00350nab a2200121 c 4500 | ||
|---|---|---|---|
| 001 | bibDOK00006100 | ||
| 005 | 20200924120216.3 | ||
| 008 | 060518s1927 hu hun | ||
| 100 | 1 | |a Huszti József | |
| 245 | 1 | 0 | |a Jannus Pannonius asztrológiai álláspontja |c Huszti József |
| 695 | |a reneszánsz | ||
| 695 | |a neoplatonizmus | ||
| 773 | 0 | |t Minerva 6 |g 1927/1-3., 43-58. p. | |